Environmental Health Criteria 209: Flame Retardants, Tris(chloropropyl) Phosphate and Tris(2-chloroethyl) Phosphate (Registro nro. 1865)
[ vista simple ]
| 000 -LEADER | |
|---|---|
| fixed length control field | 01097nam a2200301 a 4500 |
| 003 - CONTROL NUMBER IDENTIFIER | |
| control field | OSt |
| 005 - FECHA ULTIMA MODIFICACION | |
| control field | 20190619121521.0 |
| 008 - FIXED-LENGTH DATA ELEMENTS--GENERAL INFORMATION | |
| fixed length control field | 131023s1998 sz ||||| |||| 00| 0 eng d |
| 022 ## - INTERNATIONAL STANDARD SERIAL NUMBER | |
| International Standard Serial Number | 92-4-157209-4 |
| 040 ## - CATALOGING SOURCE | |
| Transcribing agency | Biblioteca Medicina |
| 041 ## - LANGUAGE CODE | |
| Language code of text/sound track or separate title | spa |
| 082 ## - DEWEY DECIMAL CLASSIFICATION NUMBER | |
| Classification number | OMS QD 181.P1 |
| 110 ## - MAIN ENTRY--CORPORATE NAME | |
| Corporate name or jurisdiction name as entry element | Organizacion Mundial de la Salud |
| 9 (RLIN) | 1006 |
| 245 00 - TITLE STATEMENT | |
| Title | Environmental Health Criteria 209: Flame Retardants, Tris(chloropropyl) Phosphate and Tris(2-chloroethyl) Phosphate |
| 250 ## - EDITION STATEMENT | |
| Edition statement | 1º ed. |
| 260 ## - PUBLICATION, DISTRIBUTION, ETC. (IMPRINT) | |
| Place of publication, distribution, etc | Ginebra |
| Name of publisher, distributor, etc | Organizacion Mundial de la Salud |
| Date of publication, distribution, etc | 1998 |
| 300 ## - PHYSICAL DESCRIPTION | |
| Extent | 106 p. |
| 440 00 - SERIES STATEMENT/ADDED ENTRY--TITLE | |
| Title | International Programme on Chemical Safety |
| 9 (RLIN) | 2782 |
| 500 ## - GENERAL NOTE | |
| General note | Baja Depósito Junio 2019- Caja 31 |
| 546 ## - LANGUAGE NOTE | |
| Language note | Texto en ingles, resumen y conclusion en español |
| 653 ## - INDEX TERM--UNCONTROLLED | |
| Uncontrolled term | ORGANOFOSFATOS-TOXICIDAD |
| 653 ## - INDEX TERM--UNCONTROLLED | |
| Uncontrolled term | ORGANOFOSFATOS-EFECTOS ADVERSOS |
| 653 ## - INDEX TERM--UNCONTROLLED | |
| Uncontrolled term | RETARDADORES DE LLAMA-TOXICIDAD |
| 653 ## - INDEX TERM--UNCONTROLLED | |
| Uncontrolled term | RETARDADORES DE LLAMA-EFECTOS ADVERSOS |
| 653 ## - INDEX TERM--UNCONTROLLED | |
| Uncontrolled term | EXPOSICION A RIESGOS AMBIENTALES |
| 856 ## - ELECTRONIC LOCATION AND ACCESS | |
| Host name | http://www.who.int/ipcs/publications/ehc/ehc_numerical/en/index.html |
| 942 ## - ADDED ENTRY ELEMENTS (KOHA) | |
| Source of classification or shelving scheme | Dewey Decimal Classification |
| Koha item type | Hemeroteca |
| Withdrawn status | Lost status | Fuente de clasificación | Damaged status | Use restrictions | Not for loan | Colección | Ubicación permanente | Ubicación actual | Sala de ubicación | Fecha de adquisición | Total Checkouts | Número de clasificación | Código de barras | Date last seen | Número de ejemplar | Price effective from | Koha tipo de elemento (item) |
|---|---|---|---|---|---|---|---|---|---|---|---|---|---|---|---|---|---|
| Dewey Decimal Classification | Restricted Access | Not For Loan | Non-fiction | Biblioteca Medicina | Biblioteca Medicina | Circulación | 23/10/2013 | OMS QD 181.P1 | H0117 | 06/11/2014 | Ej. 1 | 23/10/2013 | Hemeroteca |